<?xml version="1.0" encoding="UTF-8"?>
<record
    xmlns:xsi="http://www.w3.org/2001/XMLSchema-instance"
    xsi:schemaLocation="http://www.loc.gov/MARC21/slim http://www.loc.gov/standards/marcxml/schema/MARC21slim.xsd"
    xmlns="http://www.loc.gov/MARC21/slim">

  <leader>00405nam a22001697a 4500</leader>
  <controlfield tag="003">SGT</controlfield>
  <datafield tag="020" ind1=" " ind2=" ">
    <subfield code="a">978-93-88902-73-1</subfield>
  </datafield>
  <datafield tag="082" ind1=" " ind2=" ">
    <subfield code="a">611</subfield>
    <subfield code="b">B20G</subfield>
  </datafield>
  <datafield tag="100" ind1=" " ind2=" ">
    <subfield code="a">GARG,KRISHNA,ed.</subfield>
  </datafield>
  <datafield tag="245" ind1=" " ind2=" ">
    <subfield code="a">B.D CHAURASIA'S HUMAN ANATOMY </subfield>
  </datafield>
  <datafield tag="250" ind1=" " ind2=" ">
    <subfield code="a">8TH</subfield>
  </datafield>
  <datafield tag="260" ind1=" " ind2=" ">
    <subfield code="a">NEW DELHI</subfield>
    <subfield code="b">CBS PUB.</subfield>
    <subfield code="c">2020</subfield>
  </datafield>
  <datafield tag="300" ind1=" " ind2=" ">
    <subfield code="a">354</subfield>
  </datafield>
  <datafield tag="650" ind1=" " ind2=" ">
    <subfield code="a">AYURVEDA</subfield>
  </datafield>
  <datafield tag="653" ind1=" " ind2=" ">
    <subfield code="a">ANATOMY, HUMAN ANATOMY, UPPER LIMB,THORAX</subfield>
  </datafield>
  <datafield tag="942" ind1=" " ind2=" ">
    <subfield code="2">ddc</subfield>
    <subfield code="c">BK</subfield>
    <subfield code="0">175</subfield>
  </datafield>
  <datafield tag="952" ind1=" " ind2=" ">
    <subfield code="0">0</subfield>
    <subfield code="1">0</subfield>
    <subfield code="2">ddc</subfield>
    <subfield code="4">0</subfield>
    <subfield code="7">0</subfield>
    <subfield code="8">FA</subfield>
    <subfield code="a">APL</subfield>
    <subfield code="b">APL</subfield>
    <subfield code="c">TXT</subfield>
    <subfield code="d">2019-12-09</subfield>
    <subfield code="e">AHUJA PUB</subfield>
    <subfield code="g">595.00</subfield>
    <subfield code="h">1</subfield>
    <subfield code="i">SGTU</subfield>
    <subfield code="l">64</subfield>
    <subfield code="o">611 B20G</subfield>
    <subfield code="p">FA10291</subfield>
    <subfield code="r">2026-03-24 00:00:00</subfield>
    <subfield code="s">2026-03-24</subfield>
    <subfield code="w">2019-11-13</subfield>
    <subfield code="y">BK</subfield>
    <subfield code="k">11572</subfield>
  </datafield>
  <datafield tag="952" ind1=" " ind2=" ">
    <subfield code="0">0</subfield>
    <subfield code="1">0</subfield>
    <subfield code="2">ddc</subfield>
    <subfield code="4">0</subfield>
    <subfield code="7">0</subfield>
    <subfield code="8">FA</subfield>
    <subfield code="a">APL</subfield>
    <subfield code="b">APL</subfield>
    <subfield code="c">TXT</subfield>
    <subfield code="d">2019-12-09</subfield>
    <subfield code="e">AHUJA PUB</subfield>
    <subfield code="g">595.00</subfield>
    <subfield code="h">1</subfield>
    <subfield code="i">SGTU</subfield>
    <subfield code="l">52</subfield>
    <subfield code="o">611 B20G</subfield>
    <subfield code="p">FA10292</subfield>
    <subfield code="r">2026-05-14 00:00:00</subfield>
    <subfield code="s">2026-05-04</subfield>
    <subfield code="w">2019-11-13</subfield>
    <subfield code="y">BK</subfield>
    <subfield code="k">11572</subfield>
  </datafield>
  <datafield tag="952" ind1=" " ind2=" ">
    <subfield code="0">0</subfield>
    <subfield code="1">0</subfield>
    <subfield code="2">ddc</subfield>
    <subfield code="4">0</subfield>
    <subfield code="7">0</subfield>
    <subfield code="8">FA</subfield>
    <subfield code="a">APL</subfield>
    <subfield code="b">APL</subfield>
    <subfield code="c">TXT</subfield>
    <subfield code="d">2019-12-09</subfield>
    <subfield code="e">AHUJA PUB</subfield>
    <subfield code="g">595.00</subfield>
    <subfield code="h">1</subfield>
    <subfield code="i">SGTU</subfield>
    <subfield code="l">70</subfield>
    <subfield code="o">611 B20G</subfield>
    <subfield code="p">FA10293</subfield>
    <subfield code="r">2026-01-14 00:00:00</subfield>
    <subfield code="s">2025-12-23</subfield>
    <subfield code="w">2019-11-13</subfield>
    <subfield code="y">BK</subfield>
    <subfield code="k">11572</subfield>
  </datafield>
  <datafield tag="952" ind1=" " ind2=" ">
    <subfield code="0">0</subfield>
    <subfield code="1">0</subfield>
    <subfield code="2">ddc</subfield>
    <subfield code="4">0</subfield>
    <subfield code="7">0</subfield>
    <subfield code="8">FA</subfield>
    <subfield code="a">APL</subfield>
    <subfield code="b">APL</subfield>
    <subfield code="c">TXT</subfield>
    <subfield code="d">2019-12-09</subfield>
    <subfield code="e">AHUJA PUB</subfield>
    <subfield code="g">595.00</subfield>
    <subfield code="h">1</subfield>
    <subfield code="i">SGTU</subfield>
    <subfield code="l">56</subfield>
    <subfield code="o">611 B20G</subfield>
    <subfield code="p">FA10294</subfield>
    <subfield code="r">2026-05-07 00:00:00</subfield>
    <subfield code="s">2026-05-07</subfield>
    <subfield code="w">2019-11-13</subfield>
    <subfield code="y">BK</subfield>
    <subfield code="k">11572</subfield>
  </datafield>
  <datafield tag="952" ind1=" " ind2=" ">
    <subfield code="0">0</subfield>
    <subfield code="1">0</subfield>
    <subfield code="2">ddc</subfield>
    <subfield code="4">0</subfield>
    <subfield code="7">0</subfield>
    <subfield code="8">FA</subfield>
    <subfield code="a">APL</subfield>
    <subfield code="b">APL</subfield>
    <subfield code="c">TXT</subfield>
    <subfield code="d">2019-12-09</subfield>
    <subfield code="e">AHUJA PUB</subfield>
    <subfield code="g">595.00</subfield>
    <subfield code="h">1</subfield>
    <subfield code="i">SGTU</subfield>
    <subfield code="l">49</subfield>
    <subfield code="m">2</subfield>
    <subfield code="o">611 B20G</subfield>
    <subfield code="p">FA10295</subfield>
    <subfield code="r">2026-05-08 00:00:00</subfield>
    <subfield code="s">2026-05-08</subfield>
    <subfield code="w">2019-11-13</subfield>
    <subfield code="y">BK</subfield>
    <subfield code="k">11572</subfield>
  </datafield>
  <datafield tag="999" ind1=" " ind2=" ">
    <subfield code="c">19529</subfield>
    <subfield code="d">19529</subfield>
  </datafield>
</record>
